Mechanics of machines. (2nd ed. ) (Record no. 82838)
[ view plain ]
| 000 -LEADER | |
|---|---|
| fixed length control field | 01341nam a2200253 a 4500 |
| 008 - FIXED-LENGTH DATA ELEMENTS--GENERAL INFORMATION | |
| fixed length control field | 120416s1972 ||||||||||||||||| || u |
| 020 ## - INTERNATIONAL STANDARD BOOK NUMBER | |
| International Standard Book Number | 071313254x |
| 050 ## - LIBRARY OF CONGRESS CALL NUMBER | |
| Classification number | TJ 170 Han |
| 100 ## - MAIN ENTRY--PERSONAL NAME | |
| Personal name | Stephens, Richmond Courtney |
| 245 10 - TITLE STATEMENT | |
| Title | Mechanics of machines. (2nd ed. ) |
| 246 ## - | |
| -- | advanced theory and examples |
| 250 ## - EDITION STATEMENT | |
| Edition statement | 2nd ed. |
| 260 ## - PUBLICATION, DISTRIBUTION, ETC. | |
| Place of publication, distribution, etc. | London, |
| Name of publisher, distributor, etc. | Edward Arnold |
| Date of publication, distribution, etc. | 1972 |
| 300 ## - PHYSICAL DESCRIPTION | |
| Extent | viii, 456 p. ill. |
| 350 ## - | |
| -- | 0.00 |
| 650 ## - SUBJECT ADDED ENTRY--TOPICAL TERM | |
| Topical term or geographic name entry element | MACHINERY |
| 650 ## - SUBJECT ADDED ENTRY--TOPICAL TERM | |
| Topical term or geographic name entry element | MECHANICAL ENGINEERING |
| 700 ## - ADDED ENTRY--PERSONAL NAME | |
| Personal name | Hannah, John |
| 995 ## - | |
| -- | MAIN LIBRARY OPEN ACCESS |
| -- | 0.00 |
| -- | 733766 |
| -- | CBU-MAIN LIBRARY (Kitwe) |
| -- | 1 |
| -- | 19.95 |
| -- | TJ 170 Han |
| -- | AVAILABLE |
| -- | Jun 6, 2006 |
| -- | 46123 |
| -- | Main Library Open Access Collection |
| 995 ## - | |
| -- | ANNEX COLLECTION (Main Library) |
| -- | 0.00 |
| -- | 733764 |
| -- | CBU-MAIN LIBRARY (Kitwe) |
| -- | 3 |
| -- | 19.95 |
| -- | TJ 170 Han |
| -- | 3 |
| -- | AVAILABLE |
| -- | 46081 |
| -- | Annex Low-Usage Collection |
| 995 ## - | |
| -- | MAIN LIBRARY OPEN ACCESS |
| -- | 0.00 |
| -- | 733765 |
| -- | CBU-MAIN LIBRARY (Kitwe) |
| -- | 4 |
| -- | 19.95 |
| -- | TJ 170 Han |
| -- | 4 |
| -- | AVAILABLE |
| -- | May 4, 2006 |
| -- | 45771 |
| -- | Main Library Open Access Collection |
| 995 ## - | |
| -- | ANNEX COLLECTION (Main Library) |
| -- | 0.00 |
| -- | 46125 |
| -- | CBU-MAIN LIBRARY (Kitwe) |
| -- | 5 |
| -- | 19.95 |
| -- | TJ 170 Han |
| -- | AVAILABLE |
| -- | 46125 |
| -- | Annex Low-Usage Collection |
| 995 ## - | |
| -- | MAIN LIBRARY OPEN ACCESS |
| -- | 0.00 |
| -- | 733767 |
| -- | CBU-MAIN LIBRARY (Kitwe) |
| -- | 2 |
| -- | 19.95 |
| -- | TJ 170 Han |
| -- | 2 |
| -- | AVAILABLE |
| -- | 46126 |
| -- | Main Library Open Access Collection |
| 999 ## - | |
| -- | 82838 |
| -- | 82838 |
| Withdrawn status | Lost status | Source of classification or shelving scheme | Damaged status | Not for loan | Permanent Location | Current Location | Shelving location | Date acquired | Total Checkouts | Full call number | Barcode | Date last seen | Copy number | Price effective from | Koha item type |
|---|---|---|---|---|---|---|---|---|---|---|---|---|---|---|---|
| CBU-MAIN LIBRARY, KITWE. | CBU-MAIN LIBRARY, KITWE. | 09/29/2023 | TJ 170 Han | 46123 | 09/29/2023 | 1 | 09/29/2023 | MONOGRAPH | |||||||
| CBU-MAIN LIBRARY, KITWE. | CBU-MAIN LIBRARY, KITWE. | 09/29/2023 | TJ 170 Han | 46081 | 09/29/2023 | 2 | 09/29/2023 | MONOGRAPH | |||||||
| CBU-MAIN LIBRARY, KITWE. | CBU-MAIN LIBRARY, KITWE. | 09/29/2023 | TJ 170 Han | 45771 | 09/29/2023 | 3 | 09/29/2023 | MONOGRAPH | |||||||
| CBU-MAIN LIBRARY, KITWE. | CBU-MAIN LIBRARY, KITWE. | 09/29/2023 | TJ 170 Han | 46125 | 09/29/2023 | 4 | 09/29/2023 | MONOGRAPH | |||||||
| CBU-MAIN LIBRARY, KITWE. | CBU-MAIN LIBRARY, KITWE. | 09/29/2023 | TJ 170 Han | 46126 | 09/29/2023 | 5 | 09/29/2023 | MONOGRAPH |